000 00359nam a22001457a 4500
008 210427b ||||| |||| 00| 0 eng d
020 _a9780538830454
041 _aeng
080 _29th
_a338
082 _a338
100 _a53
101 _aMEN
245 _aSmall Business Management an Entrepreneurial Emphasis
_cJustin G. Longenecker
942 _2udc
_cBK
999 _c56844
_d56844